| 000 | 00449cam a2200181ua 4500 | ||
|---|---|---|---|
| 020 | _c45.00 | ||
| 041 |
_aeng _h |
||
| 082 |
_a519.062 _bNAR/EN |
||
| 100 | _aShanti, Narayanan . | ||
| 245 |
_aEngineering mathematics, Part 2 / _cShanti Naryanan. _hTextual Documents |
||
| 250 |
_a2 / _b. |
||
| 260 |
_aNew Delhi : _bS.Chand and Co , _c1985. |
||
| 300 | _a660 ; . | ||
| 365 | _a45.00 | ||
| 504 | _a | ||
| 942 | _cBK | ||
| 999 |
_c9698 _d9698 |
||